Taylor Swift- New Year's Day (All Lyrics) - Statistics

General Stats
  • This quiz has been taken 176 times
    172 since last reset
  • The average score is 326 of 369
Answer Stats
Lyrics % Correct
a
99%
I
99%
(I
99%
the
99%
You
99%
you
99%
you)
99%
be
98%
on
98%
New
97%
Year's
97%
and
96%
And
96%
Day
96%
Don't
96%
don't
96%
me
96%
me,
96%
with
96%
bottles
95%
floor
95%
glitter
95%
there
95%
after
94%
cleaning
94%
party
94%
There's
94%
I'll
93%
your
93%
shoes
92%
up
92%
Girls
91%
in
91%
lobby
91%
to
91%
(To
91%
when
91%
it's
89%
down
88%
last
88%
midnights
88%
want
88%
but
87%
But
87%
Please,
87%
they
87%
will
87%
ever
86%
Hold
86%
hold
86%
(Hold
86%
memories,
86%
stranger
86%
anywhere
85%
become
85%
laugh
85%
page
85%
read
85%
their
85%
carrying
84%
could
84%
recognize
83%
stay
82%
you're
82%
can
81%
hard,
80%
hard
80%
Whose
79%
night
78%
of
78%
Polaroids
78%
from
77%
taxi
76%
before,
75%
my
75%
back
74%
hand
74%
times
74%
long
73%
three
73%
making
71%
mistakes
69%
Or
69%
or
69%
we're
68%
gonna
67%
hardwood
67%
road
67%
squeeze
67%
away
65%
Candle
65%
wax
65%
if
64%
that
64%
babe
63%
tell
63%
town,
63%
turning
62%
wrong,
61%
wrong
61%
lost,
60%
forevermore
59%
home
58%
I'm
58%
scared,
57%
toast
55%
out
49%
strike
45%
crawling
42%
No matching quizzes found
Score Distribution
Percent of People with Each Score
Percentile by Number Answered
Your Score History
You have not taken this quiz since the last reset